| 000 | 00681nam a2200265Ia 4500 | ||
|---|---|---|---|
| 003 | OSt | ||
| 005 | 20140313111612.0 | ||
| 008 | 140130s9999 xx 000 0 und d | ||
| 020 | _a0590120085 | ||
| 050 |
_aPZ 8.3 _b.K265Wh 2003 |
||
| 100 | _aKeenan, Sheila. | ||
| 245 |
_cSheila Keenan. _aWhat time is it? : _ba book for math riddles / |
||
| 260 |
_bScholastic Inc., _cc2003. _aUSA : |
||
| 300 |
_a30 p. : _bcol. ill. ; _c23 cm. |
||
| 440 | _v1 | ||
| 521 | _aBR | ||
| 526 | _cBR | ||
| 650 |
_aTime _xFiction. |
||
| 650 |
_aClocks and watches _xFiction. |
||
| 650 | _a Stories in rhyme. | ||
| 942 |
_cBK _2lcc |
||
| 999 |
_c41571 _d41571 |
||